000
00273nam a22001217a 4500
008
181004b xxu||||| |||| 00| 0 eng d
041
_a
eng
080
_a
710
100
_a
45
101
_a
Art
245
_a
A Treasury Of Art Masterpieces
_c
Craven.TH
942
_2
udc
_c
BK
999
_c
48852
_d
48852